[Event "FRA-ch Top 16 2007-2008"]
[Site "France"]
[Date "2008.03.23"]
[Round "2.2"]
[White "Kazhgaleyev, Murtas"]
[Black "Asrian, Karen"]
[Result "1-0"]
[WhiteElo "2594"]
[BlackElo "2621"]
[PlyCount "111"]
[EventDate "2008.03.??"]
[EventType "swiss"]
[EventRounds "11"]
[EventCountry "FRA"]
[SourceDate "2008.03.23"]
[WhiteTeam "Cannes"]
[BlackTeam "Bischwiller"]
[WhiteTeamCountry "FRA"]
[BlackTeamCountry "FRA"]

1. d4 e6 2. c4 Bb4+ 3. Nc3 c5 4. Nf3 Nf6 5. g3 b6 6. Bg2 Bb7 7. O-O cxd4 8.
Qxd4 Nc6 9. Qd3 O-O 10. Rd1 Na5 11. b3 d5 12. cxd5 Rc8 13. Bb2 Bxc3 14. Bxc3
Qxd5 15. Qb1 Qh5 16. Qb2 Qh6 17. Bxa5 bxa5 18. Qd4 Ba6 19. Rd2 Bb7 20. Rdd1 Ba6
21. Re1 Nd5 22. Qxa7 Ra8 23. Qd4 Nb4 24. Ne5 Nc2 25. Qd6 Nxa1 26. Bxa8 Nc2 27.
Rb1 Bxe2 28. Be4 Nb4 29. Re1 Bh5 30. a3 Nd5 31. Nc6 Qf6 32. Bxd5 exd5 33. Ne7+
Kh8 34. Qxf6 gxf6 35. Nxd5 Kg7 36. Re3 Bd1 37. b4 axb4 38. axb4 Rb8 39. Kg2 Ba4
40. Rc3 Bd7 41. Rc5 Re8 42. Rc7 Be6 43. Nc3 f5 44. Kf3 Kf6 45. Kf4 Rd8 46. Ke3
Rb8 47. b5 Ke5 48. Rc6 Kf6 49. b6 Ke7 50. Kd4 Rd8+ 51. Kc5 Rd3 52. Nb5 Rd5+ 53.
Kb4 Rd8 54. Rc7+ Kf6 55. b7 f4 56. Nd6 1-0

[Event "FRA-ch Top 16 2007-2008"]
[Site "France"]
[Date "2008.03.23"]
[Round "2.3"]
[White "Schlosser, Philipp"]
[Black "Nataf, Igor Alexandre"]
[Result "1-0"]
[WhiteElo "2564"]
[BlackElo "2552"]
[PlyCount "131"]
[EventDate "2008.03.??"]
[EventType "swiss"]
[EventRounds "11"]
[EventCountry "FRA"]
[SourceDate "2008.03.23"]
[WhiteTeam "Bischwiller"]
[BlackTeam "Cannes"]
[WhiteTeamCountry "FRA"]
[BlackTeamCountry "FRA"]

1. c4 g6 2. Nc3 Bg7 3. g3 e5 4. Bg2 d6 5. d3 Nc6 6. Rb1 a5 7. a3 Nf6 8. b4 axb4
9. axb4 O-O 10. b5 Ne7 11. Nf3 h6 12. O-O Be6 13. Qb3 Nd7 14. Ba3 f5 15. Nd2
Rb8 16. Nd5 c5 17. bxc6 bxc6 18. Nxe7+ Qxe7 19. Qc2 Ra8 20. Ra1 Rfc8 21. Bb4
Rab8 22. Ra4 Kh7 23. Rb1 Nf6 24. Qa2 Qd7 25. Bc3 Rxb1+ 26. Qxb1 Qc7 27. Qa1 Nd7
28. Ra7 Qb8 29. Ra6 Qb7 30. Qa3 Nc5 31. Ra7 Qb6 32. Bb4 Rb8 33. Bxc5 dxc5 34.
Nf1 Bg8 35. h4 Qb4 36. Bxc6 Qxa3 37. Rxa3 Rb2 38. Bf3 e4 39. dxe4 Bxc4 40. exf5
gxf5 41. Ne3 Bxe2 42. Bxe2 Rxe2 43. Ra7 Kg8 44. Nxf5 Bf8 45. Kg2 Re5 46. Ne3 h5
47. Rc7 Be7 48. Kf3 Kf8 49. Rd7 Re6 50. Rd5 Rc6 51. Nc4 Rh6 52. Ke4 Kf7 53.
Ne5+ Ke8 54. Rd2 Ra6 55. Rb2 Kd8 56. Rb7 Bf6 57. Kf5 Be7 58. f4 Rf6+ 59. Ke4
Ra6 60. Kd5 Rd6+ 61. Kxc5 Rd7+ 62. Kc6 Rxb7 63. Kxb7 Bc5 64. Kc6 Bf2 65. Kd6
Bxg3 66. Ng6 1-0

[Event "FRA-ch Top 16 2007-2008"]
[Site "France"]
[Date "2008.03.23"]
[Round "2.4"]
[White "Fontaine, Robert"]
[Black "Netzer, Jean"]
[Result "1-0"]
[WhiteElo "2572"]
[BlackElo "2387"]
[PlyCount "79"]
[EventDate "2008.03.??"]
[EventType "swiss"]
[EventRounds "11"]
[EventCountry "FRA"]
[SourceDate "2008.03.23"]
[WhiteTeam "Cannes"]
[BlackTeam "Bischwiller"]
[WhiteTeamCountry "FRA"]
[BlackTeamCountry "FRA"]

1. d4 Nf6 2. c4 g6 3. Nc3 Bg7 4. g3 d6 5. Bg2 O-O 6. Nf3 Nbd7 7. O-O e5 8. e4
exd4 9. Nxd4 Re8 10. Re1 a6 11. h3 Rb8 12. Be3 Ne5 13. b3 c5 14. Nf3 Nfg4 15.
Bf4 Nxf3+ 16. Qxf3 Ne5 17. Qe3 b5 18. cxb5 axb5 19. Rad1 Be6 20. Bh6 Bxh6 21.
Qxh6 c4 22. f4 Qa5 23. Ne2 Nd3 24. f5 gxf5 25. Rf1 fxe4 26. Qg5+ Kf8 27. Bxe4
Qa7+ 28. Kh2 Nf2 29. Qh6+ Ke7 30. Nd4 Qxa2 31. Rd2 Qxd2 32. Qxd2 Nxe4 33. Qe3
Nc5 34. b4 Nd3 35. Nf5+ Kd7 36. Qa7+ Kc6 37. Qa6+ Rb6 38. Nd4+ Kc7 39. Qa7+ Rb7
40. Nxe6+ 1-0

[Event "FRA-ch Top 16 2007-2008"]
[Site "France"]
[Date "2008.03.23"]
[Round "2.5"]
[White "Mensch, Etienne"]
[Black "Palac, Mladen"]
[Result "0-1"]
[WhiteElo "2337"]
[BlackElo "2575"]
[PlyCount "76"]
[EventDate "2008.03.??"]
[EventType "swiss"]
[EventRounds "11"]
[EventCountry "FRA"]
[SourceDate "2008.03.23"]
[WhiteTeam "Bischwiller"]
[BlackTeam "Cannes"]
[WhiteTeamCountry "FRA"]
[BlackTeamCountry "FRA"]

1. d4 Nf6 2. c4 e6 3. Nc3 Bb4 4. e3 O-O 5. Bd3 d5 6. Nf3 b6 7. O-O Bb7 8. cxd5
exd5 9. Bd2 Re8 10. Ne5 Bd6 11. f4 c5 12. Be1 cxd4 13. exd4 Be7 14. Bh4 Ne4 15.
Nxe4 dxe4 16. Bc4 Bd5 17. Qb3 Bxc4 18. Qxc4 Bxh4 19. Nxf7 Qd7 20. Ng5+ Kf8 21.
Nxh7+ Ke7 22. Ng5 Nc6 23. d5 Na5 24. Qxe4+ Kf6 25. Qd4+ Kg6 26. Ne6 Bf6 27. f5+
Kf7 28. Qg4 Rac8 29. Rad1 Kg8 30. Rf3 Rc4 31. Qg3 Nc6 32. Nxg7 Bxg7 33. f6 Ne5
34. Qf2 Nxf3+ 35. Qxf3 Qf7 36. d6 Bxf6 37. d7 Rd8 38. Qg3+ Bg7 0-1

[Event "FRA-ch Top 16 2007-2008"]
[Site "France"]
[Date "2008.03.23"]
[Round "2.6"]
[White "Godena, Michele"]
[Black "Heinz, Timothee"]
[Result "1-0"]
[WhiteElo "2559"]
[BlackElo "2310"]
[PlyCount "119"]
[EventDate "2008.03.??"]
[EventType "swiss"]
[EventRounds "11"]
[EventCountry "FRA"]
[SourceDate "2008.03.23"]
[WhiteTeam "Cannes"]
[BlackTeam "Bischwiller"]
[WhiteTeamCountry "FRA"]
[BlackTeamCountry "FRA"]

1. e4 c5 2. c3 d5 3. exd5 Qxd5 4. d4 Nf6 5. Nf3 Nc6 6. Be2 cxd4 7. cxd4 e6 8.
O-O Be7 9. Nc3 Qd6 10. Nb5 Qd8 11. Bf4 Nd5 12. Bg3 a6 13. Nc3 O-O 14. Rc1 Nxc3
15. bxc3 b5 16. a4 Qb6 17. Qb3 b4 18. cxb4 Nxb4 19. Ne5 Nd5 20. Qxb6 Nxb6 21.
Nc6 Nd5 22. Bf3 Bf6 23. Be5 Bg5 24. Rc5 Bd7 25. Bxd5 exd5 26. f4 Bd8 27. Rfc1
Rc8 28. Nb8 Rxb8 29. Bxb8 Bb6 30. Rxd5 Be6 31. Rc6 Bxd5 32. Rxb6 Rd8 33. Bc7
Rc8 34. Rd6 Bb7 35. d5 h6 36. Bb6 Rc1+ 37. Kf2 Rd1 38. Rd8+ Kh7 39. d6 Bc6 40.
a5 Bb5 41. Bc5 Rd5 42. Rc8 f6 43. Rc7 Kg8 44. g4 h5 45. h3 Kh7 46. Ke3 hxg4 47.
hxg4 Bd3 48. Bd4 Bb5 49. Bxf6 Rxd6 50. Rxg7+ Kh6 51. Rc7 Kg6 52. Be5 Rd7 53.
Rc8 Rd1 54. Rg8+ Kf7 55. Rg7+ Ke6 56. Rg6+ Kf7 57. f5 Rf1 58. Rg7+ Kf8 59. f6
Re1+ 60. Kd4 1-0

[Event "FRA-ch Top 16 2007-2008"]
[Site "France"]
[Date "2008.03.23"]
[Round "2.7"]
[White "Wagner, Claude"]
[Black "Cornette, Matthieu"]
[Result "0-1"]
[WhiteElo "2358"]
[BlackElo "2491"]
[PlyCount "141"]
[EventDate "2008.03.??"]
[EventType "swiss"]
[EventRounds "11"]
[EventCountry "FRA"]
[SourceDate "2008.03.23"]
[WhiteTeam "Bischwiller"]
[BlackTeam "Cannes"]
[WhiteTeamCountry "FRA"]
[BlackTeamCountry "FRA"]

1. d4 Nf6 2. c4 e6 3. Nf3 c5 4. d5 d6 5. Nc3 exd5 6. cxd5 g6 7. e4 a6 8. Qe2
Be7 9. e5 dxe5 10. Bh6 Ng4 11. Bg7 Rg8 12. Bxe5 Nxe5 13. Nxe5 Kf8 14. O-O-O Nd7
15. f4 Nxe5 16. fxe5 Bf5 17. Ne4 Bg5+ 18. Kb1 h5 19. h3 h4 20. Ka1 Bf4 21. Nd6
Qe7 22. Nxf5 gxf5 23. e6 Rd8 24. Qf2 Bg3 25. Qxf5 Qxe6 26. Qxe6 fxe6 27. Bc4 e5
28. d6 Rg6 29. Rhf1+ Bf4 30. Rd5 Rgxd6 31. Rfd1 Ke7 32. a4 e4 33. Kb1 e3 34.
Rxd6 Rxd6 35. Rxd6 Kxd6 36. Kc2 Ke5 37. Kd3 Bg5 38. b3 Kf4 39. Bd5 b5 40. axb5
axb5 41. Bf3 Kg3 42. Ke2 c4 43. bxc4 bxc4 44. Bd5 c3 45. Be4 Kf4 46. Bc2 Bh6
47. Bb1 Bg7 48. Bc2 Bd4 49. Bb1 Kg3 50. Be4 Bc5 51. Kf1 Kf4 52. Bc2 Ke5 53. Ke2
Kd4 54. Bd3 Bb6 55. Bc2 Kc4 56. Bd1 Bd4 57. Bc2 Kb4 58. Kd1 Ka3 59. Bd3 Kb2 60.
Be4 Be5 61. Bd3 Bg3 62. Be4 c2+ 63. Bxc2 e2+ 64. Kxe2 Kxc2 65. Kf1 Kd3 66. Kg1
Ke2 67. Kh1 Bd6 68. Kg1 Be5 69. g4 hxg3 70. Kg2 Ke3 71. Kf1 0-1

[Event "FRA-ch Top 16 2007-2008"]
[Site "France"]
[Date "2008.03.23"]
[Round "2.8"]
[White "Nepeina Leconte, Maria"]
[Black "Lallemand, Roza"]
[Result "1/2-1/2"]
[WhiteElo "2345"]
[BlackElo "2246"]
[PlyCount "54"]
[EventDate "2008.03.??"]
[EventType "swiss"]
[EventRounds "11"]
[EventCountry "FRA"]
[SourceDate "2008.03.23"]
[WhiteTeam "Cannes"]
[BlackTeam "Bischwiller"]
[WhiteTeamCountry "FRA"]
[BlackTeamCountry "FRA"]

1. e4 g6 2. d4 d6 3. Nc3 Bg7 4. Be3 a6 5. Qd2 b5 6. Bd3 Bb7 7. Nf3 Nf6 8. Bh6
O-O 9. h4 Bxh6 10. Qxh6 Ng4 11. Qg5 h5 12. Nh2 Nxh2 13. Rxh2 e5 14. dxe5 Qxg5
15. hxg5 dxe5 16. g4 hxg4 17. O-O-O Kg7 18. Be2 Nc6 19. Bxg4 Nd4 20. f4 c5 21.
fxe5 Rae8 22. Rdh1 Rg8 23. Rh7+ Kf8 24. Rf1 Rg7 25. Rh8+ Rg8 26. Rh7 Rg7 27.
Rh8+ Rg8 1/2-1/2

[Event "FRA-ch Top 16 2007-2008"]
[Site "France"]
[Date "2008.03.22"]
[Round "1"]
[White "Hommeles, T."]
[Black "Rausis, Igor"]
[Result "1/2-1/2"]
[WhiteElo "2390"]
[BlackElo "2520"]
[PlyCount "47"]
[EventDate "2008.03.??"]
[EventType "swiss"]
[EventRounds "11"]
[EventCountry "FRA"]
[SourceDate "2008.03.23"]
[WhiteTeam "Noyon"]
[BlackTeam "Gonfreville"]
[WhiteTeamCountry "FRA"]
[BlackTeamCountry "FRA"]

1. e4 d5 2. exd5 Nf6 3. d4 Bg4 4. Bb5+ Nbd7 5. Be2 Bxe2 6. Qxe2 Nxd5 7. Nf3 e6
8. c4 N5f6 9. O-O Bd6 10. Rd1 O-O 11. Nc3 c6 12. Ne5 Qc7 13. Bf4 Rfd8 14. Rd3
Ne8 15. Rh3 Nf8 16. c5 Bxe5 17. Bxe5 Qe7 18. Ne4 Rd5 19. Rd1 Rad8 20. Nc3 R5d7
21. Ne4 Rd5 22. Nc3 R5d7 23. Ne4 Rd5 24. Nc3 1/2-1/2

[Event "FRA-ch Top 16 2007-2008"]
[Site "France"]
[Date "2008.03.22"]
[Round "1"]
[White "Degraeve, Jean Marc"]
[Black "Housieaux, David"]
[Result "1/2-1/2"]
[WhiteElo "2535"]
[BlackElo "2353"]
[PlyCount "38"]
[EventDate "2008.03.??"]
[EventType "swiss"]
[EventRounds "11"]
[EventCountry "FRA"]
[SourceDate "2008.03.23"]
[WhiteTeam "Gonfreville"]
[BlackTeam "Noyon"]
[WhiteTeamCountry "FRA"]
[BlackTeamCountry "FRA"]

1. e4 e6 2. d4 d5 3. Nc3 Bb4 4. exd5 exd5 5. Bd3 c6 6. Nge2 Nf6 7. O-O O-O 8.
Ng3 Re8 9. h3 Nbd7 10. Qf3 Nf8 11. Bg5 Be7 12. Rae1 Ne6 13. Be3 Bf8 14. Nf5 Bd7
15. Qg3 g6 16. Nd6 Nh5 17. Qh2 Re7 18. g4 Nhg7 19. Nxb7 Qb6 1/2-1/2

[Event "FRA-ch Top 16 2007-2008"]
[Site "France"]
[Date "2008.03.22"]
[Round "1"]
[White "Nguyen Chi Minh"]
[Black "Payen, Arnaud"]
[Result "1/2-1/2"]
[WhiteElo "2411"]
[BlackElo "2403"]
[PlyCount "86"]
[EventDate "2008.03.??"]
[EventType "swiss"]
[EventRounds "11"]
[EventCountry "FRA"]
[SourceDate "2008.03.23"]
[WhiteTeam "Noyon"]
[BlackTeam "Gonfreville"]
[WhiteTeamCountry "FRA"]
[BlackTeamCountry "FRA"]

1. d4 Nf6 2. c4 c5 3. d5 e6 4. Nc3 exd5 5. cxd5 Bd6 6. Nf3 Bc7 7. Bg5 d6 8. e3
a6 9. a4 Nbd7 10. Be2 O-O 11. Nd2 Re8 12. O-O h6 13. Bh4 Nf8 14. e4 Ng6 15. Bg3
Ba5 16. f4 Rb8 17. Bf3 b5 18. axb5 axb5 19. Re1 Nd7 20. Nb3 Bb4 21. Kh1 Qf6 22.
Qd2 Nb6 23. e5 dxe5 24. fxe5 Nxe5 25. Bxe5 Rxe5 26. Rxe5 Qxe5 27. Re1 Bxc3 28.
bxc3 Qd6 29. Re8+ Kh7 30. Qf2 Bf5 31. Rxb8 Qxb8 32. Qxc5 Nc4 33. Qd4 Qe8 34.
Qf2 Nd6 35. Nd4 Bd3 36. Qg3 Qe3 37. h3 Qe7 38. Kh2 Qf6 39. Bg4 Be4 40. Bf3 Bd3
41. Qe1 g5 42. Qe3 Bg6 43. Kg1 Nc4 1/2-1/2

[Event "FRA-ch Top 16 2007-2008"]
[Site "France"]
[Date "2008.03.22"]
[Round "1"]
[White "Eliet, N."]
[Black "Aguettaz, Maxime"]
[Result "1/2-1/2"]
[WhiteElo "2453"]
[BlackElo "2422"]
[PlyCount "145"]
[EventDate "2008.03.??"]
[EventType "swiss"]
[EventRounds "11"]
[EventCountry "FRA"]
[SourceDate "2008.03.23"]
[WhiteTeam "Gonfreville"]
[BlackTeam "Noyon"]
[WhiteTeamCountry "FRA"]
[BlackTeamCountry "FRA"]

1. d4 Nf6 2. c4 g6 3. Nc3 Bg7 4. e4 d6 5. Nf3 O-O 6. Be2 e5 7. d5 a5 8. Bg5 h6
9. Bh4 Na6 10. Nd2 Bd7 11. b3 Qe8 12. a3 Nh7 13. O-O h5 14. f3 Bh6 15. Ra2 Be3+
16. Kh1 Kg7 17. Qb1 Bc5 18. Bf2 b6 19. Nb5 Qe7 20. Be1 h4 21. Rb2 Be3 22. b4
Rh8 23. Nb3 Qg5 24. Qd3 Nf6 25. Bd2 Bxd2 26. Qxd2 Qxd2 27. Nxd2 Nh5 28. Rc1
Rhc8 29. Nc3 Nb8 30. Kg1 axb4 31. axb4 Be8 32. c5 bxc5 33. bxc5 dxc5 34. Nc4
Nd7 35. Rb7 Rab8 36. Rcb1 Kf6 37. d6 Rxb7 38. Rxb7 c6 39. Rc7 Rb8 40. Rxc6 Nf4
41. Bf1 Kg7 42. Rc7 Ne6 43. Ra7 Rd8 44. Nd5 Nd4 45. Nc7 Kf8 46. Nxe8 Kxe8 47.
Nxe5 Nxe5 48. Re7+ Kf8 49. Rxe5 Rxd6 50. Rxc5 Ne6 51. Rc2 Kg7 52. Kf2 Rb6 53.
Bc4 Rc6 54. Ke3 g5 55. Bb3 Rxc2 56. Bxc2 Nf4 57. g3 hxg3 58. hxg3 Nh5 59. Kf2
Kf6 60. Kg2 Ke5 61. Bb3 f6 62. Bf7 Ng7 63. Bg6 Ne6 64. Kh3 Nc5 65. Kg2 Nd3 66.
Kf1 Kd4 67. Ke2 Nc1+ 68. Kd1 Nd3 69. Kd2 Ne5 70. Bh5 Nd3 71. Ke2 Nc1+ 72. Kf2
Nd3+ 73. Ke2 1/2-1/2

[Event "FRA-ch Top 16 2007-2008"]
[Site "France"]
[Date "2008.03.22"]
[Round "1"]
[White "Clery, Nicolas"]
[Black "Vallin, G."]
[Result "1/2-1/2"]
[WhiteElo "2390"]
[BlackElo "2409"]
[PlyCount "89"]
[EventDate "2008.03.??"]
[EventType "swiss"]
[EventRounds "11"]
[EventCountry "FRA"]
[SourceDate "2008.03.23"]
[WhiteTeam "Noyon"]
[BlackTeam "Gonfreville"]
[WhiteTeamCountry "FRA"]
[BlackTeamCountry "FRA"]

1. d4 e6 2. Nf3 Nf6 3. c4 Bb4+ 4. Nbd2 d5 5. g3 O-O 6. Bg2 dxc4 7. Qc2 Nc6 8.
Qxc4 Ne4 9. Qd3 Nxd2 10. Bxd2 Bxd2+ 11. Qxd2 Qd6 12. Qc3 Rd8 13. e3 Bd7 14. O-O
Be8 15. a3 Ne7 16. Ne5 Nd5 17. Qb3 c5 18. Nc4 Qc7 19. dxc5 Qxc5 20. Rfc1 Rac8
21. Qxb7 Rc7 22. Qa6 Bb5 23. Qa5 Bxc4 24. Qxc5 Rxc5 25. b3 Nb6 26. bxc4 Rxc4
27. Rxc4 Nxc4 28. a4 a5 29. Bc6 Nb2 30. Kf1 Kf8 31. Bb5 Ke7 32. Ke2 Rc8 33. Ke1
Rc2 34. Ra3 Kd6 (34... Nc4) 35. Rb3 Kc5 36. Be8 Kc4 37. Rb8 $2 (37. Rb7 $16)
37... f5 38. Bd7 Kd3 39. Bb5+ Kc3 40. Rc8+ Kb3 41. Rb8 Ka3 42. Ra8 Kb4 43. Rb8
Ka3 44. Ra8 Kb4 45. Rb8 1/2-1/2

[Event "FRA-ch Top 16 2007-2008"]
[Site "France"]
[Date "2008.03.22"]
[Round "1"]
[White "Collas, Didier"]
[Black "Van Heirzeele, Daniel"]
[Result "1/2-1/2"]
[WhiteElo "2441"]
[BlackElo "2244"]
[PlyCount "30"]
[EventDate "2008.03.??"]
[EventType "swiss"]
[EventRounds "11"]
[EventCountry "FRA"]
[SourceDate "2008.03.23"]
[WhiteTeam "Gonfreville"]
[BlackTeam "Noyon"]
[WhiteTeamCountry "FRA"]
[BlackTeamCountry "FRA"]

1. e4 c5 2. Nf3 d6 3. d4 cxd4 4. Nxd4 Nf6 5. Nc3 g6 6. Be3 a6 7. f3 b5 8. Qd2
Bb7 9. b4 Nbd7 10. a4 bxa4 11. Nxa4 d5 12. exd5 Nxd5 13. Nb3 Nxe3 14. Qxe3 Bg7
15. Rd1 Qc7 1/2-1/2

[Event "FRA-ch Top 16 2007-2008"]
[Site "France"]
[Date "2008.03.22"]
[Round "1"]
[White "Assad, Karine"]
[Black "Collas, Silvia"]
[Result "1/2-1/2"]
[WhiteElo "2042"]
[BlackElo "2405"]
[PlyCount "108"]
[EventDate "2008.03.??"]
[EventType "swiss"]
[EventRounds "11"]
[EventCountry "FRA"]
[SourceDate "2008.03.23"]
[WhiteTeam "Noyon"]
[BlackTeam "Gonfreville"]
[WhiteTeamCountry "FRA"]
[BlackTeamCountry "FRA"]

1. d4 Nf6 2. c4 e6 3. Nf3 b6 4. Nc3 Bb4 5. Qc2 Bb7 6. Nd2 O-O 7. a3 Bxc3 8.
Qxc3 d6 9. b4 a5 10. Bb2 Re8 11. e3 Nbd7 12. f3 axb4 13. axb4 Rxa1+ 14. Bxa1 c5
15. Be2 Qa8 16. O-O Qa4 17. Rb1 Ra8 18. bxc5 dxc5 19. Bb2 cxd4 20. exd4 Qc6 21.
Ra1 Rxa1+ 22. Bxa1 Nf8 23. Bd3 Ng6 24. g3 Qc7 25. Bb2 Ne7 26. Ne4 Ne8 27. Qb4
Nc6 28. Qb5 Qd8 29. Kg2 f5 30. Nd2 Nd6 31. Qb3 Na5 32. Qc3 Ne8 33. Nb3 Nxb3 34.
Qxb3 Kf7 35. c5 Qa8 36. Bc4 Nc7 37. cxb6 Nd5 38. Ba3 Qa5 39. Bxd5 Qd2+ 40. Kh3
Qh6+ 41. Kg2 Qd2+ 42. Kh3 Bxd5 43. Qb4 $4 Qxb4 $2 (43... Qh6+ 44. Kg2 Qe3 $19)
44. Bxb4 Bxf3 45. g4 f4 46. g5 Kg6 47. b7 Bxb7 48. Kg4 f3 49. Be1 Bd5 50. h4
Kf7 51. Kf4 Ke7 52. Ke5 Kd7 53. h5 Kc6 54. Bf2 Kd7 1/2-1/2

[Event "FRA-ch Top 16 2007-2008"]
[Site "France"]
[Date "2008.03.22"]
[Round "1.2"]
[White "Feller, Sebastien"]
[Black "Doettling, F."]
[Result "1/2-1/2"]
[WhiteElo "2522"]
[BlackElo "2544"]
[PlyCount "62"]
[EventDate "2008.03.??"]
[EventType "swiss"]
[EventRounds "11"]
[EventCountry "FRA"]
[SourceDate "2008.03.23"]
[WhiteTeam "Evry"]
[BlackTeam "Strasbourg"]
[WhiteTeamCountry "FRA"]
[BlackTeamCountry "FRA"]

1. d4 d5 2. c4 e6 3. Nc3 Be7 4. Nf3 Nf6 5. cxd5 exd5 6. Bg5 c6 7. Qc2 g6 8.
Bxf6 Bxf6 9. e3 Be6 10. h4 Nd7 11. O-O-O Qe7 12. Bd3 O-O-O 13. h5 Kb8 14. Kb1
c5 15. Qd2 Nb6 16. dxc5 Qxc5 17. Nd4 Bxd4 18. exd4 Qxd4 19. Qg5 Na4 20. Nxa4
Qxa4 21. hxg6 hxg6 22. Bxg6 Rhg8 23. Qe5+ Ka8 24. Bc2 Qc6 25. Bb3 Rxg2 26. Rh8
Rxh8 27. Qxh8+ Qc8 28. Qxc8+ Bxc8 29. Rxd5 Rxf2 30. Rd8 Kb8 31. Rf8 Kc7 1/2-1/2

[Event "FRA-ch Top 16 2007-2008"]
[Site "France"]
[Date "2008.03.22"]
[Round "1.3"]
[White "Vaisser, A."]
[Black "Hauchard, Arnaud"]
[Result "1/2-1/2"]
[WhiteElo "2539"]
[BlackElo "2476"]
[PlyCount "93"]
[EventDate "2008.03.??"]
[EventType "swiss"]
[EventRounds "11"]
[EventCountry "FRA"]
[SourceDate "2008.03.23"]
[WhiteTeam "France"]
[BlackTeam "France"]
[WhiteTeamCountry "FRA"]
[BlackTeamCountry "FRA"]

1. d4 Nf6 2. c4 d6 3. Nc3 e5 4. d5 Be7 5. g3 O-O 6. e4 c6 7. Bg2 a5 8. Nge2 Na6
9. O-O Bd7 10. dxc6 bxc6 11. h3 Be6 12. b3 Nd7 13. f4 f6 14. Na4 Nac5 15. Nec3
Nxa4 16. Nxa4 Nb6 17. Nc3 a4 18. Be3 axb3 19. axb3 Qc7 20. Qd2 Qb7 21. Kh2 Nd7
22. Rxa8 Rxa8 23. Rb1 Qb4 24. f5 Bf7 25. Nd5 Qxd2 26. Nxe7+ Kf8 27. Bxd2 Kxe7
28. Be3 Ra2 29. Kg1 Nc5 30. b4 Na4 31. c5 Bc4 32. cxd6+ Kxd6 33. Rd1+ Kc7 34.
Rc1 Bb5 35. g4 Rb2 36. Bc5 Nxc5 37. bxc5 Rb4 38. Kf2 Rc4 39. Ra1 Rc2+ 40. Kg3
Kb8 41. Rd1 Kc7 42. Ra1 Kb7 43. Rd1 Rc3+ 44. Kf2 Rd3 45. Rc1 Rd4 46. h4 Rd3 47.
g5 1/2-1/2

[Event "FRA-ch Top 16 2007-2008"]
[Site "France"]
[Date "2008.03.22"]
[Round "1.4"]
[White "Chuchelov, V."]
[Black "Kallai, G."]
[Result "1/2-1/2"]
[WhiteElo "2551"]
[BlackElo "2470"]
[PlyCount "26"]
[EventDate "2008.03.??"]
[EventType "swiss"]
[EventRounds "11"]
[EventCountry "FRA"]
[SourceDate "2008.03.23"]
[WhiteTeam "France"]
[BlackTeam "France"]
[WhiteTeamCountry "FRA"]
[BlackTeamCountry "FRA"]

1. d4 d5 2. c4 dxc4 3. Nf3 c5 4. Nc3 Nf6 5. e4 cxd4 6. Qxd4 Qxd4 7. Nxd4 e5 8.
Ndb5 Kd8 9. Be3 Be6 10. Nxa7 Nbd7 11. f3 Bc5 12. Bxc5 Nxc5 13. Nab5 Ke7 1/2-1/2

[Event "FRA-ch Top 16 2007-2008"]
[Site "France"]
[Date "2008.03.22"]
[Round "1.5"]
[White "Roos, Daniel"]
[Black "Relange, Eloi"]
[Result "1/2-1/2"]
[WhiteElo "2408"]
[BlackElo "2479"]
[PlyCount "25"]
[EventDate "2008.03.??"]
[EventType "swiss"]
[EventRounds "11"]
[EventCountry "FRA"]
[SourceDate "2008.03.23"]
[WhiteTeam "Strasbourg"]
[BlackTeam "France"]
[WhiteTeamCountry "FRA"]
[BlackTeamCountry "FRA"]

1. Nf3 c5 2. g3 Nc6 3. d4 cxd4 4. Nxd4 g6 5. Nxc6 bxc6 6. Bg2 Bg7 7. Nd2 Rb8 8.
O-O c5 9. Rb1 d6 10. b3 Nf6 11. Bb2 O-O 12. Re1 Bg4 13. Ra1 1/2-1/2

[Event "FRA-ch Top 16 2007-2008"]
[Site "France"]
[Date "2008.03.22"]
[Round "1.6"]
[White "Chabanon, Jean Luc"]
[Black "Roos, Jean Luc"]
[Result "1/2-1/2"]
[WhiteElo "2454"]
[BlackElo "2330"]
[PlyCount "80"]
[EventDate "2008.03.??"]
[EventType "swiss"]
[EventRounds "11"]
[EventCountry "FRA"]
[SourceDate "2008.03.23"]
[WhiteTeam "France"]
[BlackTeam "France"]
[WhiteTeamCountry "FRA"]
[BlackTeamCountry "FRA"]

1. d4 e6 2. c4 Nf6 3. Nc3 d5 4. cxd5 exd5 5. Bg5 Be7 6. e3 Nbd7 7. Bd3 O-O 8.
Nf3 c6 9. Qc2 Re8 10. O-O Nf8 11. Rab1 a5 12. a3 Ng6 13. Bxf6 Bxf6 14. b4 Be7
15. b5 Bd6 16. bxc6 bxc6 17. a4 Bg4 18. Ne1 Qh4 19. g3 Qe7 20. Bf5 Bxf5 21.
Qxf5 Qe6 22. Qh5 Bb4 23. Na2 Reb8 24. Nd3 Bd6 25. Nc3 Nf8 26. Qe2 Nd7 27. Rxb8+
Rxb8 28. Rb1 Rxb1+ 29. Nxb1 g6 30. Nd2 Nb6 31. Nb3 Nc4 32. Qe1 Bc7 33. Nbc5 Qe8
34. Kg2 h5 35. Qc1 Qc8 36. e4 dxe4 37. Qxc4 exd3 38. Nxd3 Qe8 39. Ne5 Bxe5 40.
dxe5 Qxe5 1/2-1/2

[Event "FRA-ch Top 16 2007-2008"]
[Site "France"]
[Date "2008.03.22"]
[Round "1.8"]
[White "Roumegous, Marina"]
[Black "Gras, Delphine"]
[Result "1-0"]
[WhiteElo "2217"]
[BlackElo "2011"]
[PlyCount "82"]
[EventDate "2008.03.??"]
[EventType "swiss"]
[EventRounds "11"]
[EventCountry "FRA"]
[SourceDate "2008.03.23"]
[WhiteTeam "France"]
[BlackTeam "France"]
[WhiteTeamCountry "FRA"]
[BlackTeamCountry "FRA"]

1. c4 e6 2. Nf3 Nf6 3. g3 d5 4. Bg2 dxc4 5. Qa4+ c6 6. Qxc4 b5 7. Qc2 Bb7 8.
O-O Be7 9. d4 O-O 10. a4 a6 11. Nc3 Nbd7 12. Bg5 h6 13. Bxf6 Nxf6 14. Ne5 Qb6
15. e3 Rfd8 16. Ne4 Nxe4 17. Bxe4 c5 18. dxc5 Bxe4 19. Qxe4 Qxc5 20. Nc6 Rd5
21. axb5 Bf6 22. Nb4 Qxb5 23. Nxd5 exd5 24. Qc2 Qxb2 25. Qc6 Rd8 26. Rxa6 Qe5
27. Rd1 Qh5 28. Rd2 Qf5 29. Qa4 Rc8 30. Ra8 Rxa8 31. Qxa8+ Kh7 32. Qxd5 Qb1+
33. Kg2 Qb4 34. Ra2 Qe7 35. Ra6 g6 36. Rb6 Kg7 37. Rb7 Qe8 38. e4 Bc3 39. f4
Kg8 40. e5 Ba1 41. Ra7 Qd8 1-0

[Event "FRA-ch Top 16 2007-2008"]
[Site "France"]
[Date "2008.03.23"]
[Round "2"]
[White "Aguettaz, Maxime"]
[Black "Vachier Lagrave, Maxime"]
[Result "0-1"]
[WhiteElo "2422"]
[BlackElo "2637"]
[PlyCount "94"]
[EventDate "2008.03.??"]
[EventType "swiss"]
[EventRounds "11"]
[EventCountry "FRA"]
[SourceDate "2008.03.23"]
[WhiteTeam "Noyon"]
[BlackTeam "Evry"]
[WhiteTeamCountry "FRA"]
[BlackTeamCountry "FRA"]

1. Nf3 Nf6 2. g3 g6 3. Bg2 Bg7 4. c4 O-O 5. O-O d6 6. Nc3 c6 7. d4 Qa5 8. h3
Be6 9. Nd2 Qa6 10. d5 cxd5 11. cxd5 Bd7 12. a4 Rc8 13. Re1 Qb6 14. e4 Na6 15.
Ra3 Qd4 16. Nb3 Qxd1 17. Rxd1 Ne8 18. Nd4 Rc4 19. Be3 Nc5 20. Bf1 Rb4 21. Ra2
Nxa4 22. Nxa4 Rxa4 23. Rxa4 Bxa4 24. Rc1 Bd7 25. b3 Rc8 26. Rxc8 Bxc8 27. g4
Nc7 28. f3 Bd7 29. Kf2 Kf8 30. Be2 Ke8 31. Ke1 Kd8 32. Kd2 Kc8 33. Nc2 b6 34.
Bg5 e6 35. dxe6 Bxe6 36. b4 d5 37. exd5 Nxd5 38. Ba6+ Kc7 39. Kd3 Be5 40. Bc4
Kd6 41. Bh6 Nc7 42. Bf8+ Kd7 43. Na3 Bf4 44. Nc2 Bxc4+ 45. Kxc4 b5+ 46. Kd3 Bd6
47. Bxd6 Kxd6 0-1